000 00466nam a22001697a 4500
005 20251108173509.0
008 250721s2002 xx 000 0 eng d
082 1 4 _aJ372.21/HAL
100 1 _ahall, kirsten
_eمؤلف
245 1 0 _aIf i had a hammer /
264 1 _anew york :
_bmodern publising,
_c2002.
300 _a9p
650 1 7 _aPRESCHOOL EDUCATION
653 _aاطفال مرحله متوسطه (6-9)سنوات
942 _2ddc
_cBK
999 _c105306
_d105306